[Event "Pan American-ch U1700"]
[Site "Balneario Camboriu"]
[Date "2024.09.29"]
[Round "9"]
[White "Abilhoa, Felipe Auer"]
[Black "Martinez Mieres, Carlos Gerardo"]
[Result "0-1"]
[WhiteElo "1572"]
[BlackElo "1587"]
[PlyCount "114"]
[EventDate "2024.09.24"]
[EventType "swiss"]
[EventRounds "9"]
[EventCountry "BRA"]
[SourceTitle "EXT 2025"]
[Source "ChessBase"]
[SourceDate "2024.10.14"]
[SourceVersion "1"]
[SourceVersionDate "2024.10.14"]
[SourceQuality "1"]

1. d4 d5 2. e3 Nf6 3. Nf3 c5 4. b3 e6 5. Bb2 Bd6 6. Bd3 b6 7. 0-0 Nbd7 8. Ne5 Bb7 9. f4 0-0 10. Nd2 Ne4 11. Rf3 f6 12. Nxd7 Qxd7 13. Bxe4 dxe4 14. Rh3 cxd4 15. Bxd4 Bxf4 16. Qg4 Bc7 17. Rf1 f5 18. Qh5 g6 19. Qe2 Rad8 20. Nc4 Qd5 21. Nb2 e5 22. Bc3 f4 23. Rd1 f3 24. Qc4 Qxc4 25. bxc4 Rxd1+ 26. Nxd1 Re8 27. Nf2 h5 28. Rh4 Bd8 29. Rh3 Bc8 30. g4 hxg4 31. Rg3 Bh4 32. Nxe4 Kg7 33. Nd6 Rd8 34. Nxc8 Bxg3 35. hxg3 Rxc8 36. Bxe5+ Kf7 37. Kf2 Rxc4 38. c3 Ra4 39. a3 Rxa3 40. c4 Ra2+ 41. Kf1 Rc2 42. Bf4 Rxc4 43. e4 b5 44. e5 Rxf4 45. gxf4 g3 46. e6+ Kxe6 47. f5+ gxf5 48. Kg1 b4 49. Kf1 b3 50. Ke1 b2 51. Kd2 b1Q 52. Ke3 Qe1+ 53. Kd3 Qe4+ 54. Kd2 Qd4+ 55. Ke1 f2+ 56. Ke2 f1Q+ 57. Kxf1 Qf2# 0-1

[Event "Pan American-ch U1700"]
[Site "Balneario Camboriu"]
[Date "2024.09.28"]
[Round "6"]
[White "Martinez Mieres, Carlos Gerardo"]
[Black "Loss, Victor Pinheiro Cos"]
[Result "1/2-1/2"]
[WhiteElo "1587"]
[BlackElo "1654"]
[PlyCount "51"]
[EventDate "2024.09.24"]
[EventType "swiss"]
[EventRounds "9"]
[EventCountry "BRA"]
[SourceTitle "EXT 2025"]
[Source "ChessBase"]
[SourceDate "2024.10.14"]
[SourceVersion "1"]
[SourceVersionDate "2024.10.14"]
[SourceQuality "1"]

1. d4 Nf6 2. Nf3 g6 3. c4 Bg7 4. Nc3 d5 5. g3 0-0 6. cxd5 Nxd5 7. e4 Nxc3 8. bxc3 c5 9. Bg2 Nc6 10. Be3 Qc7 11. 0-0 Rd8 12. d5 Bg4 13. Qc2 Bxf3 14. Bxf3 Ne5 15. Be2 c4 16. f4 Nd3 17. Bxd3 cxd3 18. Qxd3 Qxc3 19. Qxc3 Bxc3 20. Rac1 Rdc8 21. Rf2 b5 22. Rfc2 b4 23. Kf1 Rc4 24. e5 a5 25. Bd2 Rd8 26. Bxc3 1/2-1/2

[Event "Pan American-ch U1700"]
[Site "Balneario Camboriu"]
[Date "2024.09.25"]
[Round "2"]
[White "Martinez Mieres, Carlos Gerardo"]
[Black "Tribess, Luana Eduarda"]
[Result "0-1"]
[WhiteElo "1587"]
[BlackElo "1653"]
[PlyCount "86"]
[EventDate "2024.09.24"]
[EventType "swiss"]
[EventRounds "9"]
[EventCountry "BRA"]
[SourceTitle "EXT 2025"]
[Source "ChessBase"]
[SourceDate "2024.10.14"]
[SourceVersion "1"]
[SourceVersionDate "2024.10.14"]
[SourceQuality "1"]

1. d4 Nf6 2. Bf4 d5 3. Nf3 c5 4. e3 Nc6 5. a3 Qb6 6. Nc3 a6 7. Be2 cxd4 8. exd4 Bf5 9. Bd3 Be4 10. 0-0 e6 11. Be3 Bg6 12. Qd2 Bd6 13. Ne5 Bxd3 14. Qxd3 Qc7 15. f4 Rd8 16. Qe2 Ne7 17. Bf2 0-0 18. g4 Ng6 19. Be3 Nd7 20. Rf3 Ndxe5 21. fxe5 Bxe5 22. dxe5 d4 23. Bg5 dxc3 24. Rxc3 Qb6+ 25. Kh1 Rd5 26. Rb3 Qc6 27. Qg2 Nxe5 28. h3 Qd7 29. Rf1 b5 30. Rg3 Nc4 31. c3 Rxg5 32. Rgf3 Rd5 33. R1f2 Rd1+ 34. Kh2 Qd6+ 35. Rg3 Rd3 36. Rff3 Rxf3 37. Qxf3 Rd8 38. h4 Qe5 39. Kh3 Qd5 40. Qf1 Nd2 41. Qg1 Ne4 42. Rf3 h6 43. Qe1 Ng5+ 0-1

[Event "Pan American-ch U1700"]
[Site "Balneario Camboriu"]
[Date "2024.09.25"]
[Round "3"]
[White "Monteiro, Melissa"]
[Black "Martinez Mieres, Carlos Gerardo"]
[Result "0-1"]
[WhiteElo "1556"]
[BlackElo "1587"]
[PlyCount "56"]
[EventDate "2024.09.24"]
[EventType "swiss"]
[EventRounds "9"]
[EventCountry "BRA"]
[SourceTitle "EXT 2025"]
[Source "ChessBase"]
[SourceDate "2024.10.14"]
[SourceVersion "1"]
[SourceVersionDate "2024.10.14"]
[SourceQuality "1"]

1. d4 Nf6 2. c4 e6 3. Nc3 d5 4. cxd5 exd5 5. Bg5 Nbd7 6. e3 c6 7. Bd3 Bd6 8. Qc2 h6 9. Bh4 Qc7 10. Bg3 Nf8 11. Nf3 Bxg3 12. hxg3 Ne6 13. 0-0-0 Bd7 14. Ne5 Rf8 15. f4 0-0-0 16. Kb1 Kb8 17. Qb3 c5 18. dxc5 Nxc5 19. Qc2 Nxd3 20. Qxd3 Be6 21. Qd4 a6 22. Rc1 Bf5+ 23. Ka1 Rc8 24. a3 Be6 25. Ka2 Qd6 26. Rhd1 g6 27. Nc4 Rxc4 28. Qxc4 d4 0-1